| 000 | 01003nam a2200313 a 4500 | ||
|---|---|---|---|
| 001 | 24255 | ||
| 003 | BD-RjUL | ||
| 005 | 20211209001028.0 | ||
| 008 | 140312s1896 enk 000 1 eng d | ||
| 035 | _a(BD-RjUL)24321 | ||
| 040 |
_aBD-RjUL _beng _cBD-RjUL _dBD-RjUL |
||
| 041 | 1 |
_aeng _hfre |
|
| 082 |
_a843.7 _bBAP |
||
| 100 | 1 |
_aBalzac, Honoré de, _d1799-1850. _974703 |
|
| 245 | 1 | 4 |
_aThe poor relations : _bsecond episode / _cby Honoré de Balzac |
| 250 | _aCaxton ed. | ||
| 260 |
_aLondon : _bCaxton Publishing Company, _c1896. |
||
| 300 |
_a512 p., [1] leaf of plates : _bill. ; _c22 cm |
||
| 490 | 1 |
_aThe human comedy. Parisian life ; _v5 |
|
| 500 | _aDated July 1846, May, 1847 on final page | ||
| 500 | _aTranslated from the French | ||
| 500 | _a"With illustrations" | ||
| 650 | 0 |
_aFrench fiction _xTranslations into English _964311 |
|
| 830 | 0 |
_v5 _974710 |
|
| 740 | 0 | 2 | _aCousin Pons |
| 830 | 0 |
_aThe human comedy. _974711 |
|
| 942 |
_2ddc _cBK |
||
| 999 |
_c24255 _d24255 |
||